Normal view MARC view
  • Persian Literature

Entry Topical Term

Number of records used in: 4

001 - CONTROL NUMBER

  • control field: 5335

003 - CONTROL NUMBER IDENTIFIER

  • control field: NUST

005 - DATE AND TIME OF LATEST TRANSACTION

  • control field: 20171011110858.0

008 - FIXED-LENGTH DATA ELEMENTS

  • fixed length control field: 171011|| aca||aabn | a|a d

040 ## - CATALOGING SOURCE

  • Original cataloging agency: NUST
  • Transcribing agency: NUST

150 ## - HEADING--TOPICAL TERM

  • Topical term or geographic name entry element: Persian Literature

670 ## - SOURCE DATA FOUND

  • Source citation: Work cat.: (NUST): K̲havājah Mu̒īnuddīn Cishtī. 5334, Devan K̲havājah Mu̒īnuddīn Cishtī. /, 2008
© 2023 Central Library, National University of Sciences and Technology. All Rights Reserved.